00250nam a2200109Ia 4500008004100000100001800041245002400059260002100083650001200104942000700116999001700123190216s9999||||xx |||||||||||||| ||und|| aRavindran P A 0aVaidyaka Shabdavali bBhasha Institute aPhysics cBK c39426d39426